[Event "VII Weekend A"]
[Site "Palestrina ITA"]
[Date "1998.07.??"]
[Round "6"]
[White "Ottavi, Marco"]
[Black "Passerotti, Pierluigi"]
[Result "0-1"]
[WhiteElo "1900"]
[BlackElo "2305"]
[PlyCount "64"]
[EventDate "1998.07.??"]

1. e4 c5 2. Nf3 Nc6 3. d4 cxd4 4. Nxd4 g6 5. c4 Bg7 6. Be3 Nf6 7. Nc3 Ng4 8.
Qxg4 Nxd4 9. Qd1 Ne6 10. Be2 Bxc3+ 11. bxc3 d6 12. O-O Bd7 13. f4 Bc6 14. f5
Nc5 15. e5 b6 16. Bf3 Qc7 17. exd6 exd6 18. Bg5 O-O 19. Qd4 Rfe8 20. fxg6 hxg6
21. Bxc6 Qxc6 22. Rxf7 Ne6 23. Qf6 Qc5+ 24. Kh1 Qxg5 25. Rg7+ Kh8 26. Qxg6 Qxg6
27. Rxg6 Rac8 28. Rg4 Nc5 29. Rd1 Ne4 30. Kg1 Rxc4 31. Rd3 Rxc3 32. Rxe4 Rc1+
0-1

[Event "VII Weekend A"]
[Site "Palestrina ITA"]
[Date "1998.07.??"]
[Round "6"]
[White "Quimi, Marco"]
[Black "Lanciani, Leo"]
[Result "1-0"]
[WhiteElo "2250"]
[BlackElo "1705"]
[PlyCount "65"]
[EventDate "1998.07.??"]

1. e4 e5 2. Bc4 Bc5 3. Nf3 Nc6 4. c3 Qf6 5. O-O h6 6. d4 Bb6 7. dxe5 Nxe5 8.
Nxe5 Qxe5 9. Qb3 Qh5 10. Nd2 Ne7 11. Kh1 d6 12. f4 O-O 13. Nf3 Nc6 14. Qc2 Bg4
15. Bd2 Kh8 16. Rae1 Rae8 17. h3 Be6 18. Be2 Qc5 19. f5 Bd7 20. Qc1 Kh7 21. b4
Nxb4 22. cxb4 Qxc1 23. Bxc1 Rxe4 24. f6 Rxb4 25. fxg7 Kxg7 26. Bd2 Ra4 27. Bc3+
f6 28. Bd3 Bc6 29. Nd2 Bd4 30. Bxd4 Rxd4 31. Re3 Rxd3 32. Rxd3 Bb5 33. Rg3+ 1-0

[Event "VII Weekend A"]
[Site "Palestrina ITA"]
[Date "1998.07.??"]
[Round "6"]
[White "Spano' Cuomo, Gaetano"]
[Black "Gaspero, Mario"]
[Result "0-1"]
[WhiteElo "1776"]
[BlackElo "1785"]
[PlyCount "68"]
[EventDate "1998.07.??"]

1. d4 d5 2. Nf3 Nf6 3. Bf4 e6 4. e3 Be7 5. Bd3 Nbd7 6. Nbd2 c5 7. c3 b6 8. Qc2
Bb7 9. O-O-O c4 10. Be2 b5 11. Ng5 h6 12. Nh3 Rc8 13. f3 Qa5 14. Kb1 b4 15. g4
Bc6 16. e4 bxc3 17. Qxc3 Bb4 18. Qc1 Nb6 19. e5 Nfd7 20. a3 Be7 21. Nf1 Ba4 22.
Bd2 Qb5 23. Re1 Bxa3 24. f4 Bb4 25. f5 Bxd2 26. Qxd2 Bb3 27. Ne3 Qa4 28. Nc2
Qa2+ 29. Kc1 Na4 30. Qd1 Qxb2+ 31. Kd2 Qc3+ 32. Kc1 Qxh3 33. fxe6 fxe6 34. Qd2
Qc3 0-1

[Event "VII Weekend A"]
[Site "Palestrina ITA"]
[Date "1998.07.??"]
[Round "6"]
[White "Tomescu, Vlad"]
[Black "Gardon, Ermanno"]
[Result "1-0"]
[WhiteElo "2425"]
[BlackElo "2110"]
[PlyCount "127"]
[EventDate "1998.07.??"]

1. e4 e6 2. d4 c5 3. Nf3 cxd4 4. Nxd4 Nf6 5. Nc3 Nc6 6. Nxc6 bxc6 7. e5 Nd5 8.
Ne4 Qa5+ 9. c3 Ba6 10. Bd3 Bxd3 11. Qxd3 Qc7 12. f4 f5 13. exf6 Nxf6 14. Nxf6+
gxf6 15. Qe2 O-O-O 16. Be3 h5 17. Rf1 Bh6 18. O-O-O d5 19. Kb1 e5 20. Qxh5 Qh7+
21. Ka1 Qe4 22. Qe2 Kb7 23. Qd2 Rde8 24. g3 exf4 25. Bxf4 Bxf4 26. Rxf4 Qe2 27.
Rf2 Qxd2 28. Rfxd2 Rh3 29. Rf1 Reh8 30. a4 Rxh2 31. Rxh2 Rxh2 32. Rxf6 Rg2 33.
Rg6 Kb6 34. Ka2 a5 35. Ka3 Rg1 36. g4 Ra1+ 37. Kb3 Rg1 38. g5 Kc5 39. Ka2 Rg2
40. Rg8 Rg4 41. Ka3 Rg3 42. Ka2 Rg4 43. Kb3 Rg3 44. g6 d4 45. g7 dxc3 46. bxc3
Rg2 47. Ka3 Rg3 48. Kb2 Rg2+ 49. Kb3 Rg3 50. Ra8 Rxg7 51. Rxa5+ Kb6 52. Ra8 Rg5
53. Rb8+ Ka6 54. Kb4 Ka7 55. Rh8 Rg4+ 56. Kc5 Rxa4 57. c4 Kb7 58. Rh7+ Kc8 59.
Rg7 Kd8 60. Kd6 Kc8 61. c5 Ra6 62. Rc7+ Kd8 63. Rxc6 Rxc6+ 64. Kxc6 1-0

[Event "VII Weekend A"]
[Site "Palestrina ITA"]
[Date "1998.07.??"]
[Round "7"]
[White "Gaspero, Mario"]
[Black "Vargiu, Antonio"]
[Result "0-1"]
[WhiteElo "1785"]
[BlackElo "1701"]
[PlyCount "64"]
[EventDate "1998.07.??"]

1. e4 e6 2. d4 d5 3. Nc3 Bb4 4. e5 c5 5. a3 Bxc3+ 6. bxc3 Ne7 7. Nf3 Nbc6 8. a4
Qa5 9. Qd2 b6 10. Bd3 Ba6 11. O-O cxd4 12. Bxa6 Qxa6 13. cxd4 Rc8 14. Ba3 h6
15. g4 Na5 16. Bxe7 Kxe7 17. Ne1 Qc4 18. f4 Nc6 19. Rd1 Nb4 20. Rf2 Na2 21. f5
Nc3 22. f6+ gxf6 23. Qf4 f5 24. Rd3 Rcg8 25. Rg2 Ne2+ 26. Rxe2 Rxg4+ 27. Qxg4
fxg4 28. Ng2 Rg8 29. Nf4 Rg5 30. Kf2 Rf5 31. Kg3 h5 32. h3 Qc8 0-1

[Event "VII Weekend A"]
[Site "Palestrina ITA"]
[Date "1998.07.??"]
[Round "7"]
[White "Lanciani, Leo"]
[Black "Passerotti, Pierluigi"]
[Result "0-1"]
[WhiteElo "1705"]
[BlackElo "2305"]
[PlyCount "33"]
[EventDate "1998.07.??"]

1. f4 e5 2. fxe5 d6 3. exd6 Bxd6 4. Nf3 g5 5. g3 g4 6. Nh4 Be7 7. Ng2 h5 8. d4
h4 9. Bf4 hxg3 10. Bxg3 Nf6 11. Qd3 Nc6 12. c3 Qd5 13. Nd2 Bf5 14. Qc4 Qd7 15.
Nf4 Na5 16. Qxc7 Qxc7 17. Ng6 0-1

[Event "VII Weekend A"]
[Site "Palestrina ITA"]
[Date "1998.07.??"]
[Round "7"]
[White "Ottavi, Marco"]
[Black "Brunetti, Alessandro"]
[Result "1/2-1/2"]
[WhiteElo "1900"]
[BlackElo "1827"]
[PlyCount "105"]
[EventDate "1998.07.??"]

1. e4 e6 2. d4 d5 3. Nd2 dxe4 4. Nxe4 Bd7 5. Nf3 Bc6 6. Bd3 Nd7 7. O-O Be7 8.
Ne5 Nxe5 9. dxe5 Qd4 10. Qg4 Qxe5 11. Bf4 Qxb2 12. Bxc7 f5 13. Qg3 fxe4 14. Be5
Qxe5 15. Qxe5 exd3 16. Qxe6 d2 17. Rad1 Rd8 18. f3 Nf6 19. Rf2 Bd5 20. Qe5 Kf7
21. Rfxd2 Rhe8 22. Qb2 Bc5+ 23. Kh1 Bb6 24. c4 Bc6 25. Rxd8 Bxd8 26. Qc3 Bb6
27. Re1 Bd4 28. Qb4 Bc5 29. Qc3 Rd8 30. g3 a5 31. Rf1 a4 32. Kg2 Ng4 33. Re1
Bd4 34. Qa5 Rd7 35. Qf5+ Nf6 36. Qe6+ Kf8 37. g4 Rf7 38. Qd6+ Kg8 39. Qxd4 Nd7
40. Re8+ Nf8 41. Re3 h6 42. h4 Rd7 43. Qc3 Rf7 44. h5 Nh7 45. Rd3 Rf8 46. Qa5
Ng5 47. Rd8 Nxf3 48. Rxf8+ Kxf8 49. Qf5+ Kg8 50. Kg3 Ng5 51. Qc8+ Kf7 52. Qf5+
Kg8 53. Qc8+ 1/2-1/2

[Event "VII Weekend A"]
[Site "Palestrina ITA"]
[Date "1998.07.??"]
[Round "7"]
[White "Quimi, Marco"]
[Black "Tomescu, Vlad"]
[Result "0-1"]
[WhiteElo "2250"]
[BlackElo "2425"]
[PlyCount "151"]
[EventDate "1998.07.??"]

1. e4 c5 2. Nf3 Nc6 3. d4 cxd4 4. Nxd4 Nf6 5. Nc3 d6 6. Be2 e5 7. Nb3 Be7 8.
Be3 O-O 9. f3 Be6 10. Nd5 Bxd5 11. exd5 Nb8 12. O-O Nbd7 13. c4 a5 14. Bd3 Qc7
15. Rc1 b6 16. Nd2 Nc5 17. Bc2 b5 18. b3 b4 19. Qe2 Nfd7 20. Ne4 f5 21. Nxc5
Nxc5 22. Qf2 Rac8 23. f4 e4 24. Rfe1 Qd8 25. Rcd1 Bf6 26. Kh1 g6 27. Rg1 h5 28.
g3 Kf7 29. Rge1 Bc3 30. Re2 Rh8 31. h3 Qf6 32. Kg2 Qe7 33. Bb1 a4 34. Bxc5 Rxc5
35. bxa4 Rxc4 36. Bc2 Rc5 37. Bb3 Kg7 38. Kh2 Qf6 39. Rc2 Rcc8 40. Qe3 Rc5 41.
Kh1 Rhc8 42. Qe2 Bd4 43. Rxc5 Bxc5 44. Qd2 Qc3 45. Qxc3+ bxc3 46. Rc1 Be3 47.
Rc2 h4 48. Kg2 hxg3 49. Kxg3 g5 50. fxg5 f4+ 51. Kg4 f3 52. Kg3 Bxg5 53. a5 Be3
54. a6 Kf6 55. Ba4 Ke5 56. Bc6 Rg8+ 57. Kh4 Kf5 58. Bd7+ Kf4 59. Kh5 f2 60. Bb5
Rg5+ 61. Kh6 Rxd5 62. Bc4 Ra5 63. Rxc3 d5 64. Bf1 Rxa2 65. Rc7 Ra1 66. Bb5 f1=Q
67. Bxf1 Rxf1 68. Kg6 Rg1+ 69. Kf6 Ra1 70. Ke6 d4 71. Kd5 Ra5+ 72. Kc4 Rxa6 73.
Rf7+ Kg3 74. Kd5 d3 75. Kxe4 d2 76. Rd7 0-1

[Event "VII Weekend A"]
[Site "Palestrina ITA"]
[Date "1998.07.??"]
[Round "7"]
[White "Scacco, Mauro"]
[Black "Gardon, Ermanno"]
[Result "0-1"]
[WhiteElo "2020"]
[BlackElo "2110"]
[PlyCount "84"]
[EventDate "1998.07.??"]

1. e4 e6 2. d4 c5 3. Nf3 cxd4 4. Nxd4 Nf6 5. Bd3 Nc6 6. Nxc6 bxc6 7. O-O d5 8.
Nd2 Be7 9. c4 Bb7 10. Qc2 Nd7 11. b3 Nc5 12. Be2 dxe4 13. Nxe4 Nxe4 14. Qxe4
Bf6 15. Rb1 Qe7 16. Bf3 O-O 17. b4 Rad8 18. Be3 Rd7 19. Bc5 Qd8 20. Bxf8 Qxf8
21. c5 Bd4 22. Rfd1 e5 23. Qc2 Re7 24. Qc4 g6 25. g3 Qe8 26. a4 a6 27. Rxd4
exd4 28. Qxd4 Bc8 29. Kg2 Bf5 30. Rb2 h5 31. h4 Re1 32. Rd2 Qe6 33. Qc3 Qe8 34.
Qf6 Re6 35. Qd8 Qxd8 36. Rxd8+ Kg7 37. Ra8 Bd3 38. Rc8 Bc2 39. Bxc6 Rxc6 40.
Rxc6 Be4+ 41. f3 Bxc6 42. b5 axb5 0-1

[Event "VII Weekend A"]
[Site "Palestrina ITA"]
[Date "1998.07.??"]
[Round "8"]
[White "Brunetti, Alessandro"]
[Black "Quimi, Marco"]
[Result "0-1"]
[WhiteElo "1827"]
[BlackElo "2250"]
[PlyCount "176"]
[EventDate "1998.07.??"]

1. d4 Nf6 2. Nf3 g6 3. g3 Bg7 4. Bg2 O-O 5. O-O d6 6. c3 Nbd7 7. Bg5 c6 8. Bxf6
Nxf6 9. e3 Re8 10. Nbd2 Qc7 11. Re1 e5 12. dxe5 dxe5 13. Rc1 h6 14. Qc2 Bf5 15.
Qb3 Rad8 16. Red1 Be6 17. Qc2 Rd7 18. Nb3 b6 19. Rxd7 Bxd7 20. Rd1 c5 21. Nbd2
e4 22. Ne1 Bg4 23. Rc1 Qe7 24. h3 Bd7 25. Rd1 Bc6 26. c4 Nd7 27. Bxe4 Bxe4 28.
Nxe4 Qxe4 29. Qxe4 Rxe4 30. Rxd7 Bxb2 31. Rxa7 Rxc4 32. Nd3 Bg7 33. Rb7 Rc3 34.
Nf4 Rc2 35. Rxb6 c4 36. a4 Ra2 37. Ra6 c3 38. Rc6 Rd2 39. Kg2 c2 40. a5 Bb2 41.
Nd3 Rxd3 42. Rxc2 Be5 43. Ra2 Rd7 44. a6 Ra7 45. f4 Bf6 46. e4 Kf8 47. g4 Ke8
48. Kg3 Be7 49. h4 Kd7 50. f5 Kc6 51. fxg6 fxg6 52. h5 g5 53. e5 Kd5 54. Ra5+
Ke6 55. Kf3 Bd8 56. Ra1 Kxe5 57. Ra2 Bb6 58. Ra1 Kd5 59. Ra2 Rf7+ 60. Kg3 Ra7
61. Kf3 Rf7+ 62. Kg3 Ba7 63. Ra4 Rf6 64. Kg2 Kc5 65. Ra1 Kb5 66. Rb1+ Kxa6 67.
Ra1+ Kb7 68. Rb1+ Bb6 69. Re1 Kc6 70. Rc1+ Bc5 71. Ra1 Kd5 72. Ra5 Rb6 73. Kf3
Rb3+ 74. Kg2 Rc3 75. Ra6 Bd6 76. Ra5+ Ke4 77. Ra4+ Kd5 78. Ra5+ Ke6 79. Ra4 Rd3
80. Kf2 Kd5 81. Ra5+ Bc5+ 82. Kg2 Rc3 83. Ra6 Bd6 84. Ra5+ Ke4 85. Ra4+ Ke3 86.
Ra6 Rd3 87. Ra2 Rd2+ 88. Kh3 Rh2+ 0-1

[Event "VII Weekend A"]
[Site "Palestrina ITA"]
[Date "1998.07.??"]
[Round "8"]
[White "Passerotti, Pierluigi"]
[Black "Vargiu, Antonio"]
[Result "1-0"]
[WhiteElo "2305"]
[BlackElo "1701"]
[PlyCount "87"]
[EventDate "1998.07.??"]

1. d4 Nf6 2. Nf3 c5 3. e3 g6 4. c4 cxd4 5. exd4 Bg7 6. Nc3 O-O 7. Be2 d6 8. O-O
Re8 9. h3 Nbd7 10. Re1 a6 11. Bf1 Qc7 12. Bf4 e5 13. Bh2 exd4 14. Qxd4 Qb6 15.
Qxb6 Nxb6 16. Bxd6 Be6 17. b3 Nfd7 18. Rac1 Nf6 19. Be5 Bd7 20. Bd4 Rxe1 21.
Rxe1 Nc8 22. Ne5 Be6 23. Na4 Nd7 24. Bc3 Ncb6 25. Nxd7 Nxd7 26. Bxg7 Kxg7 27.
Rd1 Rc8 28. Be2 Ne5 29. f4 Nc6 30. Nc5 Nd8 31. Nxe6+ Nxe6 32. g3 Nc5 33. Bf3
Rc7 34. b4 Ne6 35. c5 Kf6 36. Kf2 Ke7 37. a3 Nd8 38. h4 h5 39. f5 Nc6 40. fxg6
fxg6 41. Rd6 Ne5 42. Rb6 Nxf3 43. Kxf3 Kf7 44. Kf4 1-0

[Event "VII Weekend A"]
[Site "Palestrina ITA"]
[Date "1998.07.??"]
[Round "8"]
[White "Tomescu, Vlad"]
[Black "Lanciani, Leo"]
[Result "1-0"]
[WhiteElo "2425"]
[BlackElo "1705"]
[PlyCount "31"]
[EventDate "1998.07.??"]

1. e4 e5 2. Nc3 Nc6 3. Bc4 Nf6 4. d3 Be7 5. f4 O-O 6. Nf3 d6 7. a3 Nd7 8. f5
Nb6 9. Ba2 Nd4 10. Be3 c5 11. Qd2 Nxf3+ 12. gxf3 Bh4+ 13. Ke2 Bd7 14. Rag1 Be8
15. Bh6 Bf6 16. Bxg7 1-0

[Event "III Weekend INPS"]
[Site "Roma ITA"]
[Date "1998.04.??"]
[Round "1"]
[White "Barletta, Antonio"]
[Black "Corvi, Marco"]
[Result "0-1"]
[WhiteElo "1866"]
[BlackElo "2320"]
[PlyCount "94"]
[EventDate "1998.04.??"]

1. e4 c5 2. Nf3 e6 3. d3 Nc6 4. g3 d6 5. Bg2 Nf6 6. O-O Be7 7. Nbd2 O-O 8. Re1
Qc7 9. c3 Bd7 10. Nf1 Rac8 11. Bg5 h6 12. Bd2 Ne5 13. Nxe5 dxe5 14. f4 exf4 15.
e5 Nd5 16. gxf4 f5 17. Bxd5 exd5 18. Ne3 Be6 19. c4 dxc4 20. dxc4 Rcd8 21. Qe2
Rd4 22. Rad1 Rfd8 23. Bc3 Rxf4 24. Nd5 Bxd5 25. cxd5 c4 26. d6 Qc5+ 27. Qe3
Rg4+ 28. Kf1 Qc6 29. Rd2 Bg5 30. Qf2 Rf4 31. Qxf4 Bxf4 32. Rf2 Qh1+ 33. Ke2
Qe4+ 34. Kf1 Qd3+ 35. Kg2 g5 36. Rfe2 Qd5+ 37. Kg1 Qe6 38. Kg2 Kf7 39. Kg1 Kg6
40. Kg2 h5 41. Kg1 h4 42. Rd1 b5 43. Ba5 Rd7 44. Bc3 g4 45. Rf1 Bg5 46. Rd1 f4
47. Rg2 f3 0-1

[Event "III Weekend INPS"]
[Site "Roma ITA"]
[Date "1998.04.??"]
[Round "1"]
[White "Cerasi, Umberto"]
[Black "Vargiu, Antonio"]
[Result "1-0"]
[WhiteElo "1920"]
[BlackElo "1701"]
[PlyCount "39"]
[EventDate "1998.04.??"]

1. e4 e6 2. d4 d5 3. Nd2 Nf6 4. e5 Nfd7 5. f4 c5 6. c3 Nc6 7. Ndf3 cxd4 8. cxd4
Qb6 9. g3 Bb4+ 10. Kf2 O-O 11. Kg2 f6 12. Bd3 Be7 13. h4 fxe5 14. fxe5 Ncxe5
15. dxe5 Nxe5 16. Nxe5 Qf2+ 17. Kh3 Bd6 18. Ngf3 Bxe5 19. Nxe5 Qf6 20. Qe2 1-0

[Event "III Weekend INPS"]
[Site "Roma ITA"]
[Date "1998.04.??"]
[Round "1"]
[White "Chiaretti, Roberto"]
[Black "Gaspero, Mario"]
[Result "1/2-1/2"]
[WhiteElo "2180"]
[BlackElo "1785"]
[PlyCount "125"]
[EventDate "1998.04.??"]

1. d4 e6 2. Nf3 Nf6 3. c4 b6 4. Bf4 Bb7 5. e3 Be7 6. h3 Ne4 7. Bd3 f5 8. O-O
O-O 9. Nbd2 d6 10. Qc2 Nxd2 11. Nxd2 Nd7 12. Bh2 Nf6 13. f3 Qe8 14. e4 fxe4 15.
fxe4 e5 16. d5 Qg6 17. Rf3 Nh5 18. Raf1 Rxf3 19. Rxf3 a5 20. Nf1 Rf8 21. Qf2
Rxf3 22. Qxf3 Qf7 23. Be2 Qxf3 24. Bxf3 Nf4 25. Bxf4 exf4 26. Kf2 Bc8 27. b3
Kf7 28. Ke2 Kf6 29. Nh2 Kg5 30. Bg4 Bxg4+ 31. Nxg4 h5 32. Nh2 Kf6 33. Nf3 g5
34. Nh2 Kg6 35. Kd3 Bf6 36. Ke2 Be5 37. Kd3 Kf6 38. Nf3 g4 39. Nh4 Kg5 40. Nf5
Bf6 41. hxg4 Kxg4 42. Ke2 h4 43. Kf2 f3 44. gxf3+ Kf4 45. Kg2 h3+ 46. Kxh3 Kxf3
47. Nh6 Kxe4 48. Kg4 b5 49. cxb5 Kxd5 50. Kf5 Be5 51. Nf7 Bh2 52. Nd8 Kc5 53.
Ne6+ Kxb5 54. Nxc7+ Kb4 55. Ke4 Ka3 56. Kd3 Kxa2 57. Kc4 Bg3 58. Nd5 Be1 59.
Ne3 Bd2 60. Nd5 Kb2 61. Nb6 Be3 62. Na4+ Kc2 63. Nc3 1/2-1/2

[Event "III Weekend INPS"]
[Site "Roma ITA"]
[Date "1998.04.??"]
[Round "1"]
[White "Ciampi, Vincenzo"]
[Black "Simeone, Giulio"]
[Result "1-0"]
[WhiteElo "2155"]
[BlackElo "1717"]
[PlyCount "115"]
[EventDate "1998.04.??"]

1. e4 c6 2. d4 d5 3. Nd2 dxe4 4. Nxe4 g6 5. Bc4 Bg7 6. Nf3 Nh6 7. Bf4 Nf5 8. c3
O-O 9. Qd2 Nd6 10. Nxd6 exd6 11. O-O Bg4 12. Bg5 Qc7 13. Qf4 Be6 14. Nd2 Bxc4
15. Nxc4 f6 16. Bh6 g5 17. Bxg5 fxg5 18. Qxg5 Nd7 19. Qg3 Rae8 20. Rae1 Nf6 21.
Qxd6 Nd5 22. Qxc7 Nxc7 23. Nd6 Re6 24. Rxe6 Nxe6 25. Re1 Nf4 26. f3 b6 27. Re7
a5 28. Nc4 Nd5 29. Re6 Rf6 30. Re4 Kf7 31. Ne5+ Kg8 32. g3 Bh6 33. f4 Re6 34.
Kg2 Bg7 35. Kf3 Bxe5 36. dxe5 Kf7 37. g4 b5 38. h4 a4 39. c4 Nb4 40. cxb5 Nxa2
41. Rxa4 Nc1 42. Rc4 Nb3 43. Rb4 Nc5 44. bxc6 Rxc6 45. Rc4 Ne6 46. Rxc6 Nd4+
47. Ke4 Nxc6 48. Kd5 Ne7+ 49. Kd6 Ng6 50. f5 Nxh4 51. Kd7 Nf3 52. e6+ Kf6 53.
b4 Ne5+ 54. Kd6 Nxg4 55. b5 Ne3 56. Kd7 Nd5 57. e7 Nxe7 58. b6 1-0

[Event "III Weekend INPS"]
[Site "Roma ITA"]
[Date "1998.04.??"]
[Round "1"]
[White "De Vita, Gianni"]
[Black "Di Lascio, Savino"]
[Result "1-0"]
[WhiteElo "2160"]
[BlackElo "1864"]
[PlyCount "109"]
[EventDate "1998.04.??"]

1. e4 c6 2. d4 d5 3. Nd2 dxe4 4. Nxe4 Nf6 5. Nxf6+ gxf6 6. Nf3 Bf5 7. Bd3 Nd7
8. Bf4 Bxd3 9. Qxd3 Qa5+ 10. Bd2 Qd5 11. c4 Qe6+ 12. Be3 Qg4 13. Rg1 O-O-O 14.
O-O-O Nb6 15. h3 Qe6 16. Nd2 h5 17. Kb1 Bh6 18. Rc1 Bxe3 19. fxe3 Kb8 20. e4
Qd7 21. Nf3 e6 22. Rcd1 Qe7 23. Qb3 Rd7 24. Rge1 Rhd8 25. a4 Qf8 26. a5 Na8 27.
a6 Kc8 28. Rd2 Qd6 29. c5 Qc7 30. Qc4 Qa5 31. axb7+ Rxb7 32. Re3 Nc7 33. Rb3
Nb5 34. d5 exd5 35. exd5 Rxd5 36. Rxd5 cxd5 37. Qxd5 Rd7 38. Qc6+ Nc7 39. Re3
Qa6 40. Qe4 Rd1+ 41. Kc2 Qa1 42. Kb3 Qa5 43. Rc3 Ra1 44. Nd2 Qb5+ 45. Kc2 Ra2
46. Rb3 Qxc5+ 47. Rc3 Qd6 48. Qe8+ Qd8 49. Rxc7+ Kxc7 50. Qxf7+ Qd7 51. Qxa2
Qf5+ 52. Kd1 Qf2 53. Qa5+ Kd7 54. Qxh5 Ke7 55. Qe2+ 1-0

[Event "III Weekend INPS"]
[Site "Roma ITA"]
[Date "1998.04.??"]
[Round "1"]
[White "Farina, Saverio"]
[Black "Pierangeli, Andrea"]
[Result "1/2-1/2"]
[WhiteElo "2200"]
[BlackElo "1810"]
[PlyCount "131"]
[EventDate "1998.04.??"]

1. d4 Nf6 2. c4 e6 3. a3 d5 4. Nc3 Be7 5. Nf3 O-O 6. Qc2 Re8 7. e4 dxe4 8. Nxe4
Nxe4 9. Qxe4 Nd7 10. Be2 c5 11. dxc5 Nxc5 12. Qc2 Bf6 13. Be3 b6 14. Rd1 Qe7
15. b4 Nd7 16. O-O Bb7 17. Bd4 Red8 18. Rfe1 Rac8 19. Qb3 Nf8 20. Bxf6 Qxf6 21.
Rxd8 Rxd8 22. Rd1 Ng6 23. Rxd8+ Qxd8 24. Qd1 Qxd1+ 25. Bxd1 Kf8 26. g3 h6 27.
Kf1 Ke7 28. h4 Kd6 29. h5 Ne5 30. Nd2 g5 31. hxg6 Nxg6 32. Ke2 h5 33. Ke3 h4
34. gxh4 Nxh4 35. Ne4+ Bxe4 36. Kxe4 Ng6 37. Kd4 e5+ 38. Ke4 Ne7 39. Bg4 f6 40.
Bh3 a5 41. c5+ bxc5 42. bxa5 c4 43. a6 Kc7 44. Bf1 c3 45. Kd3 Nd5 46. Kc2 Kb6
47. Bc4 Ne7 48. Kxc3 Nc6 49. Bd3 Kc5 50. Be4 Na7 51. Kd3 Nc8 52. Bb7 Na7 53.
Ke4 Kd6 54. Kf5 Ke7 55. a4 Kf7 56. f3 Ke7 57. Kg6 Ke6 58. Be4 Ke7 59. Kg7 Nc8
60. Bf5 Na7 61. Kg6 Nc6 62. Bc8 Na7 63. Bb7 Ke6 64. Kg7 Ke7 65. Kg6 Ke6 66. Kg7
1/2-1/2

[Event "III Weekend INPS"]
[Site "Roma ITA"]
[Date "1998.04.??"]
[Round "1"]
[White "Ferretti, Folco"]
[Black "Garofalo, Massimo"]
[Result "1-0"]
[WhiteElo "2270"]
[BlackElo "1777"]
[PlyCount "77"]
[EventDate "1998.04.??"]

1. c4 d5 2. cxd5 Nf6 3. e4 a6 4. Nc3 b5 5. a3 g6 6. d4 Bg7 7. g3 O-O 8. Bg2 Bb7
9. Nge2 Nbd7 10. O-O Nb6 11. Nf4 Qd7 12. Nd3 Qd8 13. Nc5 Bc8 14. b3 Rb8 15. Bf4
Nh5 16. Be3 Nd7 17. Nxd7 Qxd7 18. e5 f5 19. f4 Bb7 20. b4 Rfd8 21. Qb3 Kh8 22.
Rac1 h6 23. Ne2 Rbc8 24. Rc5 Bf8 25. Rfc1 Ng7 26. e6 Qe8 27. Rxc7 Rxc7 28. Rxc7
Bc8 29. Nc1 Nh5 30. Nd3 Bg7 31. Ne5 Bxe5 32. dxe5 Qf8 33. Bc5 Re8 34. Qc3 Kg8
35. Bxe7 Rxe7 36. Rxe7 Qxe7 37. Qxc8+ Kg7 38. Qd7 Kf8 39. d6 1-0

[Event "III Weekend INPS"]
[Site "Roma ITA"]
[Date "1998.04.??"]
[Round "1"]
[White "Iatrino, Vincenzo"]
[Black "Gardon, Ermanno"]
[Result "0-1"]
[WhiteElo "1740"]
[BlackElo "1818"]
[PlyCount "72"]
[EventDate "1998.04.??"]

1. e4 e6 2. Nf3 c5 3. Nc3 Nc6 4. d4 cxd4 5. Nxd4 Nf6 6. Be3 Bb4 7. Bd3 d5 8.
Nxc6 bxc6 9. e5 d4 10. exf6 Qxf6 11. Be4 dxe3 12. Bxc6+ Ke7 13. O-O exf2+ 14.
Rxf2 Bc5 15. Ne4 Bxf2+ 16. Kh1 Qd4 17. Bxa8 Ba6 18. Bc6 Rd8 19. Qg4 Kf8 20.
Nxf2 Qxf2 21. Rd1 Qb6 22. Rxd8+ Qxd8 23. Qb4+ Kg8 24. Bf3 Qb6 25. Qe4 g6 26. b3
Qc5 27. a4 e5 28. g4 Bc8 29. b4 Qf2 30. Qd3 Kg7 31. c4 Qe1+ 32. Kg2 Qxb4 33.
Qd8 Qxc4 34. g5 Qc2+ 35. Kg3 Qf5 36. Bg2 Qf4# 0-1

[Event "III Weekend INPS"]
[Site "Roma ITA"]
[Date "1998.04.??"]
[Round "1"]
[White "Ortega, Lexy"]
[Black "Piancatelli, Marco"]
[Result "1-0"]
[WhiteElo "2475"]
[BlackElo "1822"]
[PlyCount "47"]
[EventDate "1998.04.??"]

1. d4 Nf6 2. Nf3 e6 3. Bf4 d5 4. e3 c5 5. c3 Nc6 6. Nbd2 cxd4 7. exd4 Bd6 8.
Bg3 O-O 9. Bd3 Re8 10. Ne5 Qe7 11. Qe2 Nd7 12. O-O Nf8 13. Qh5 Nxe5 14. dxe5
Bc5 15. Nf3 Qc7 16. Rad1 Bd7 17. Ng5 g6 18. Qh6 Bc6 19. Bb1 Rad8 20. Rfe1 d4
21. Bh4 Be7 22. cxd4 Qb6 23. Ne4 Bxe4 24. Bf6 1-0

[Event "III Weekend INPS"]
[Site "Roma ITA"]
[Date "1998.04.??"]
[Round "1"]
[White "Passerotti, Pierluigi"]
[Black "De Carolis, Massimo"]
[Result "1-0"]
[WhiteElo "2305"]
[BlackElo "1705"]
[PlyCount "59"]
[EventDate "1998.04.??"]

1. d4 d5 2. c4 c6 3. Nc3 e6 4. e3 Nf6 5. Nf3 Nbd7 6. Bd3 dxc4 7. Bxc4 b5 8. Bd3
Bb7 9. O-O a6 10. e4 c5 11. d5 c4 12. dxe6 fxe6 13. Bc2 Bc5 14. Qe2 Qc7 15. e5
Ng4 16. Ng5 Ndxe5 17. Bf4 Qe7 18. Be4 Rb8 19. Bxb7 Rxb7 20. Nce4 Rb6 21. h3 h6
22. hxg4 Nd3 23. Nh3 Bb4 24. Be3 Rc6 25. a3 Ba5 26. Nf4 Nxf4 27. Bxf4 O-O 28.
Be5 Bb6 29. g3 Rf7 30. Kg2 {...} 1-0

[Event "III Weekend INPS"]
[Site "Roma ITA"]
[Date "1998.04.??"]
[Round "1"]
[White "Picciotti, Francesco"]
[Black "Marta, Daniele"]
[Result "1/2-1/2"]
[WhiteElo "1600"]
[BlackElo "1888"]
[PlyCount "59"]
[EventDate "1998.04.??"]

1. e4 e6 2. d4 d5 3. e5 c5 4. c3 Nc6 5. Nf3 Bd7 6. Be2 Qb6 7. O-O Nh6 8. dxc5
Bxc5 9. b4 Be7 10. a3 Ng4 11. c4 dxc4 12. Bb2 Qc7 13. Nbd2 b5 14. a4 Nxb4 15.
axb5 c3 16. b6 Qxb6 17. Bxc3 O-O 18. Nc4 Qc7 19. Qd4 Nh6 20. Rfc1 Nc6 21. Qe4
Rfc8 22. Bd2 f5 23. exf6 Bxf6 24. Rab1 Be8 25. Bxh6 gxh6 26. Qxe6+ Qf7 27.
Qxf7+ Bxf7 28. Nd6 Rc7 29. Nb5 Rcc8 30. Nd6 1/2-1/2

[Event "III Weekend INPS"]
[Site "Roma ITA"]
[Date "1998.04.??"]
[Round "1"]
[White "Ridolfi, Raffaele"]
[Black "Quimi, Marco"]
[Result "0-1"]
[WhiteElo "1786"]
[BlackElo "2225"]
[PlyCount "122"]
[EventDate "1998.04.??"]

1. d4 Nf6 2. c4 c5 3. d5 b5 4. cxb5 a6 5. e3 g6 6. Nc3 Bg7 7. bxa6 O-O 8. Nf3
d6 9. Be2 Nxa6 10. O-O Bf5 11. Nd2 Nb4 12. e4 Bc8 13. Nc4 Nd7 14. Bf4 Ba6 15.
a3 Bxc4 16. Bxc4 Nb6 17. Bb5 Na6 18. Rb1 Nc7 19. a4 Nxb5 20. axb5 Qd7 21. Qd3
Ra5 22. Be3 Rfa8 23. Rfc1 Na4 24. Bd2 Nb6 25. b4 cxb4 26. Rxb4 Ra3 27. Qf1 Qb7
28. Nd1 Nd7 29. Qc4 Ne5 30. Qc7 Qxc7 31. Rxc7 Rd3 32. Rb1 Rxd2 33. b6 Bf8 34.
b7 Rb8 35. f4 Nd3 36. Ne3 Nc5 37. Nc4 Rd4 38. Na5 Rxe4 39. Nc6 Rxb7 40. Rbxb7
Nxb7 41. Rxb7 Rxf4 42. Rb8 e6 43. Re8 exd5 44. Ne7+ Kg7 45. Nxd5 Rf5 46. Ne3
Re5 47. Rxe5 dxe5 48. Kf1 f5 49. Ke2 Kf6 50. Kf3 e4+ 51. Ke2 Ke5 52. Nc2 Bc5
53. g3 g5 54. h3 f4 55. gxf4+ gxf4 56. Ne1 Bb4 57. Nc2 f3+ 58. Kf1 Bc5 59. Ke1
e3 60. Kf1 Ke4 61. Ke1 Kd3 0-1

[Event "III Weekend INPS"]
[Site "Roma ITA"]
[Date "1998.04.??"]
[Round "1"]
[White "Rossetti, Mauro"]
[Black "Vannelli, Vittorio"]
[Result "1-0"]
[WhiteElo "1912"]
[BlackElo "1735"]
[PlyCount "53"]
[EventDate "1998.04.??"]

1. e4 e5 2. Nf3 Nc6 3. Bb5 a6 4. Bxc6 dxc6 5. d4 exd4 6. Qxd4 Qxd4 7. Nxd4 Bd7
8. Be3 O-O-O 9. Nd2 Re8 10. O-O-O c5 11. Ne2 f5 12. Ng3 fxe4 13. Ndxe4 Bc6 14.
f3 Nf6 15. Nxf6 gxf6 16. Bf4 Rg8 17. Rhe1 Rxe1 18. Rxe1 h5 19. Nxh5 Rxg2 20.
Nxf6 Rf2 21. h4 Rxf3 22. Bg5 Bd6 23. h5 Rg3 24. h6 Bf8 25. Nh7 Bd6 26. Nf6 Rxg5
27. h7 1-0

[Event "III Weekend INPS"]
[Site "Roma ITA"]
[Date "1998.04.??"]
[Round "1"]
[White "Rossi De Gasperis, Pietro"]
[Black "Monteleone, Antonio"]
[Result "0-1"]
[WhiteElo "1704"]
[BlackElo "2165"]
[PlyCount "50"]
[EventDate "1998.04.??"]

1. e4 e6 2. b3 d5 3. Bb2 dxe4 4. Nc3 Nf6 5. g4 h6 6. Bg2 Be7 7. Qe2 Nc6 8.
O-O-O Nd4 9. Qc4 e5 10. h3 Be6 11. Qf1 c6 12. f4 exf3 13. Nxf3 Nxf3 14. Qxf3
Qa5 15. Rhe1 O-O-O 16. Kb1 Rhe8 17. a3 Bxa3 18. Bxa3 Qxa3 19. Rxe5 Bxg4 20. Qe3
Bxd1 21. Nxd1 Rxe5 22. Qxe5 Rxd2 23. Ne3 Re2 24. Qf5+ Nd7 25. Nc4 Re1# 0-1